| 000 -ლიდერი |
| ფიქსირებული სიგრძის საკონტროლო ველი |
01470nam a22002657a 4500 |
| 003 - საკონტროლო ნომრის იდენტიფიკატორი |
| საკონტროლო ველი |
Ge_BSU |
| 005 - ბოლო ოპერაციის თარიღი და დრო |
| საკონტროლო ველი |
20221027110647.0 |
| 008 - ფიქსირებული სიგრძის მონაცემთა ელემენტები - ზოგადი ინფორმაცია |
| ფიქსირებული სიგრძის საკონტროლო ველი |
221027s2006 ge ||||| |||| 00| 0 geo d |
| 020 ## - წიგნის საერთაშორისო სტანდარტული ნომერი |
| International Standard Book Number |
9994087207 |
| 041 ## - ენის კოდი |
| Language code of text/sound track or separate title |
geo |
| 080 ## - უნივერსალური ათობითი კლასიფიკაციის ინდექსი |
| Universal Decimal Classification number |
32.001 მ-43 |
| 100 ## - მთავარი ჩანაწერი - პიროვნების სახელი |
| Personal name |
მაჭარაშვილი, ნანა |
| 9 (RLIN) |
2986 |
| 245 ## - ცნობა სათაურის შესახებ |
| Title |
პოლიტიკის ანალიზი : |
| Remainder of title |
სალექციო კურსი სოც. მეცნ. მაგისტრატურისათვის / |
| Statement of responsibility, etc |
ნანა მაჭარაშვილი ; [მთ. რედ.: მარინე ჩიტაშვილი, ენობრ. რედ.: ლია კაჭარავა]. |
| 264 ## - წარმოების, გამოცემის, დისტრიბუციის და სხვა ცნობები |
| გამოცემის, წარმოების, დისტრიბუციის... ადგილი |
თბილისი : |
| გამოცემის, წარმოების, დისტრიბუციის... სახელწოდება |
სოციალურ მეცნიერებათა ცენტრი, |
| გამოცემის, წარმოების, დისტრიბუციის... თარიღი |
2006. |
| 300 ## - ფიზიკური აღწერა |
| Extent |
98გვ. : |
| Other physical details |
სქემ., ცხრ. ; |
| Dimensions |
29სმ. |
| 490 ## - სერიის ცნობა |
| Series statement |
სოციალურ მეცნიერებათა სერია |
| 501 ## - შენიშვნა თანმხლებ მასალაზე |
| With note |
შენიშვნ. და გვ. 96. |
| 504 ## - BIBLIOGRAPHY, ETC. NOTE |
| Bibliography, etc |
ბიბლიოგრ. ტექსტ. |
| 520 ## - SUMMARY, ETC. |
| Summary, etc |
რეზ. ინგლ. ენ. |
| 653 ## - INDEX TERM--UNCONTROLLED |
| Uncontrolled term |
პოლიტოლოგია |
| 653 ## - INDEX TERM--UNCONTROLLED |
| Uncontrolled term |
პოლიტიკის ანალიზი. |
| 700 ## - ADDED ENTRY--PERSONAL NAME |
| Personal name |
ჩიტაშვილი, მარინე |
| Relator term |
რედაქტორი |
| 9 (RLIN) |
977 |
| 700 ## - ADDED ENTRY--PERSONAL NAME |
| Personal name |
კაჭარავა, ლია |
| Relator term |
რედაქტორი |
| 9 (RLIN) |
15572 |
| 942 ## - ADDED ENTRY ELEMENTS (KOHA) |
| Source of classification or shelving scheme |
|
| Koha item type |
წიგნი |